000 00967nam a22003017a 4500
001 5265
003 FISKH
005 20260319150610.0
008 241121b cb ||||| |||| 00| 0 eng d
020 _a0590367951
040 _aFISKH
_beng
_cFISKH
_dFISKH
050 _aPZ7.D439
082 _a813.54
100 _adePaola, Tomie
_d(1934–2020)
245 _aThe art lesson /
_cWritten and illustrated by Tomie dePaola
250 _a1989
260 _aNew York :
_bScholastic,
_c1989.
300 _a30 pages :
_bcolor illustrations ;
_c26 cm
505 _aR
520 _aHaving learned to be creative in drawing pictures at home, young Tommy is dismayed when he goes to school and finds the art lesson there much more regimented.
521 8 _a650
_bLexile
521 8 _aR
_bRaz-Plus
650 _2Drawing
_aPicture book
650 _2Fiction
_aRealistic fiction
700 _adePaola, Tomie
_dIllustrator
942 _2ddc
_cBK
_n0
999 _c5265
_d5265